Statistics for Tyne & Wear Metro Stations - with a Map

Click here to take the quiz!

General Stats

  • This quiz has been taken 1,062 times
  • The average score is 54 of 73

Answers on the Map

Answers color-coded by a green-red scale on the quiz's map according to % correct below.
 

Answer Stats

HintAnswer% Correct
Green LineNewcastle Airport ✈
97%
Yellow LineSouth Shields
97%
Yellow LineMonument
96%
Yellow LineMonument
96%
Green LineMonument
96%
Yellow LineGateshead
94%
Green LineGateshead
94%
Yellow LineNorth Shields
94%
Yellow LineJesmond
93%
Green LineJesmond
93%
Yellow LineWhitley Bay
93%
Yellow LineCentral Station
92%
Green LineCentral Station
92%
Green LineSunderland
92%
Yellow LineTynemouth
92%
Yellow LineSt. James
91%
Yellow LineHaymarket
90%
Green LineHaymarket
90%
Yellow LineByker
88%
Green LineWest Jesmond
88%
Yellow LineWest Jesmond
88%
Green LineSouth Gosforth
86%
Yellow LineSouth Gosforth
86%
Yellow LineManors
83%
Yellow LineWallsend
83%
Green LineGateshead Stadium
82%
Yellow LineGateshead Stadium
82%
Green LinePelaw
81%
Yellow LinePelaw
81%
Yellow LineCullercoats
80%
Green LineStadium of Light
80%
Yellow LineJarrow
79%
Yellow LineIlford Road
76%
Green LineIlford Road
76%
Yellow LineMonkseaton
76%
Yellow LineBenton
74%
Yellow LineLongbenton
74%
Yellow LineFour Lane Ends
73%
Green LineSouth Hylton
72%
Green LineRegent Centre
71%
Yellow LineChillingham Road
70%
Yellow LineHebburn
70%
Yellow LineHeworth
69%
Green LineHeworth
69%
Green LineKingston Park
68%
Yellow LineWest Monkseaton
68%
Yellow LineFelling
67%
Green LineFelling
67%
Yellow LinePercy Main
67%
Yellow LineNorthumberland Park
66%
Yellow LineMeadow Well
63%
Yellow LineWalkergate
63%
Green LineUniversity
62%
Green LineBank Foot
60%
Yellow LineHowdon
60%
Yellow LineShiremoor
60%
Green LineCallerton Parkway
59%
Yellow LineChichester
58%
Green LineFawdon
58%
Yellow LinePalmersville
58%
Green LineSeaburn
58%
Yellow LineBede
57%
Green LineSt. Peter's
57%
Green LineEast Boldon
56%
Yellow LineTyne Dock
55%
Green LineBrockley Whins
53%
Yellow LineHadrian Road
51%
Green LinePark Lane
50%
Green LinePallion
49%
Yellow LineSimonside
45%
Green LineFellgate
44%
Green LineWansbeck Road
40%
Green LineMillfield
36%

Score Distribution

Percentile by Number Answered

Percent of People with Each Score

Your Score History

You have not taken this quiz